000 00767nam a22002537a 4500
001 84904
003 BD-RjUL
005 20250507163016.0
008 250507s1976 ii 000 0 urd
020 _cRs25.00
035 _a(BD-RjUL) 84904
040 _aDLC
_cDLC
_dDLC
_beng
041 _aeng
082 _223
_a891.4391
_bMUB 1976
100 1 _a محى الدىن، مخدوم ;; Muḥīuddīn, Mak̲h̲dūm,
_d1908-1969.
_915425
245 1 0 _aبساط رقص ;; Bisāt̤-i raqṣ /
_c:مخدوم محى الدىن ;; Mak̲h̲dūm Muḥīuddīn.
250 _a2. aiḍīshan.
260 _aḤaidarābād :
_bادبی ٹرسٹ,
_c1976.
300 _a260 p. ;
_c23 cm.
500 _aPoems.
500 _aIn Urdu.
650 _aPoems
942 _2ddc
_cBK
999 _c84904
_d84904